¿Sexualidad en la escuela? : (Record no. 140073)
[ view plain ]
| 000 -CABECERA | |
|---|---|
| campo de control de longitud fija | 00680nam a2200193 u 4500 |
| 005 - FECHA Y HORA DE LA ÚLTIMA TRANSACCIÓN | |
| campo de control | 20250910063905.0 |
| 008 - ELEMENTOS DE LONGITUD FIJA--INFORMACIÓN GENERAL | |
| campo de control de longitud fija | 081112s2007 ag r 000 0 spa d |
| 020 ## - NÚMERO INTERNACIONAL NORMALIZADO PARA LIBROS | |
| Número Internacional Estándar del Libro | 9789871256099 |
| 035 ## - NÚMERO DE CONTROL DEL SISTEMA | |
| Número de control de sistema | UPN01000167964 |
| 049 ## - COLECCIÓN | |
| Colección | CG |
| 050 #4 - SIGNATURA TOPOGRÁFICA DE LA BIBLIOTECA DEL CONGRESO | |
| Número de clasificación | HQ57.6 A7 |
| Número de documento/Ítem | M3.7 |
| 100 1# - ASIENTO PRINCIPAL--NOMBRE PERSONAL | |
| Nombre de persona | Martín, Orlando Rafael |
| 9 (RLIN) | 41526 |
| 245 11 - MENCIÓN DE TÍTULO | |
| Título | ¿Sexualidad en la escuela? : |
| Resto del título | los desafíos de la ley de educación sexual integral : programa nacional de educación sexual integral (ley nacional 26150) / |
| Mención de responsabilidad, etc. | Orlando Martín. |
| 260 ## - PUBLICACIÓN, DISTRIBUCIÓN, ETC. | |
| Lugar de publicación, distribución, etc. | Buenos Aires : |
| Nombre del editor, distribuidor, etc. | Sb |
| Fecha de publicación, distribución, etc. | 2007. |
| 300 ## - DESCRIPCIÓN FÍSICA | |
| Extensión | 142 p. |
| 650 #0 - ASIENTO SECUNDARIO DE MATERIA - TERMINO TEMATICO | |
| Término de materia o nombre geográfico como elemento de entrada | Educación sexual |
| Subdivisión geográfica | Argentina |
| 9 (RLIN) | 14140 |
| 650 #4 - ASIENTO SECUNDARIO DE MATERIA - TERMINO TEMATICO | |
| Término de materia o nombre geográfico como elemento de entrada | Valores |
| Subdivisión general | Estudio y enseñanza |
| 9 (RLIN) | 310 |
| 905 ## - TIPO DE MATERIAL | |
| Tipo de material | Libro |
| Estado de retiro | Estado de pérdida | Fuente del sistema de clasificación o colocación | Estado dañado | No para préstamo | Código de colección | Localización permanente | Ubicación/localización actual | Ubicación en estantería | Total de préstamos | Clasificación | Código de barras | Fecha visto por última vez | Número de copia | Tipo de ítem Koha | Fecha de adquisición | Renovaciones totales | Fecha del último préstamo |
|---|---|---|---|---|---|---|---|---|---|---|---|---|---|---|---|---|---|
| Library of Congress Classification | Colección General | Bib. Gregorio Torres Quintero | Bib. Gregorio Torres Quintero | Planta baja | 14 | HQ57.6 A7 M3.7 | 261146 | 31/12/2020 | 1 | Libro | |||||||
| Library of Congress Classification | Colección General | Bib. Gregorio Torres Quintero | Bib. Gregorio Torres Quintero | Planta baja | 15 | HQ57.6 A7 M3.7 | 261147 | 16/05/2023 | 1 | Libro | 24/04/2023 | 1 | 24/04/2023 | ||||
| Library of Congress Classification | Colección General | Bib. Gregorio Torres Quintero | Bib. Gregorio Torres Quintero | Planta baja | 12 | HQ57.6 A7 M3.7 | 261145 | 28/01/2025 | 1 | Libro | 14/11/2024 | ||||||
| Library of Congress Classification | Colección General | Bib. Gregorio Torres Quintero | Bib. Gregorio Torres Quintero | Planta baja | 3 | HQ57.6 A7 M3.7 | 306488 | 25/05/2023 | 1 | Libro | 11/05/2023 | 11/05/2023 |
